Quiz o Youtuberach dla Kolegi Ignacego - Statystyki

Ogólne statystyki
  • Ten quiz został rozwiązany 467 razy
  • Średni wynik to 7 z 15
Statystyki odpowiedzi
Youtuber Miasto % Poprawnych
Stuu Warszawa
99%
Blowek Warszawa
99%
Friz Kraków
97%
DeeJayPallaside Poznań
83%
Plkd Gdańsk
78%
Kruszwil Szczecin
68%
Isamu Środa Wielkopolska
31%
Naruciak Sopot
29%
Marcin Malczyński Opole
22%
Krzysztof Gonciarz Tokio
22%
Rizigiusz Włodzisław Śląski
9%
Dominik Łupicki Puszczykowo
6%
Multii Głubczyce
4%
Dominik Rupiński Maków Mazowiecki
2%
Krzysztof Golonka Tęgobrze
1%
Nie znaleziono quizów pasujących do podanych kryteriów
Rozkład punktacji
Procent ludzi z każdym wynikiem
Percentyl według liczby udzielonych odpowiedzi
Twoja historia wyników
Nie rozwiązałeś tego quizu